000 00607nam a2200217Ia 4500
001 1620
003 GE_BSU
008 181216s||||||||xx |||||||||||||| ||und||
040 _cGE_BSU
080 _a54(035)
100 _aПилипенко,А.Т. и др.
245 _aСправочник по элементарной химии.
245 _cПод ред. А.Т.Пилипенко.
260 _aМ.
260 _bНаука.
260 _c1980.
300 _a541 стр. 19 см.
541 _h12 л.
653 _aСправочник по элементарной химии.
942 _cBK
999 _c35741
_d35741